00849cam a22002411 4500001001300000003000400013005001700017008004100034010001700075025001900092035002000111040001800131042001200149050001900161082001400180100003100194245020800225260004000433300005900473504003000532651002800562999001700590sa 67004282 DLC20260227112345.0860305s1966 pk abch b 000 0 eng  asa 67004282  aPL480:EP-E-335 a(OCoLC)13241780 aDLCcCLUdDLC apremarc00aDS486.D155bH3 a915.49/221 aHaider, Azimusshan.ecomp.12aA city and its civic body: a description of facts and events spotlighting certain aspects of life in and around Dacca during the last hundred years, and an account of the evolution of Dacca Municipality. a[Dacca,bDacca Municipality,c1966] ax, 136 p.billus., facsims., maps, ports.c24 x 30 cm. aBibliography: p. 134-136. 0aDacca (Pakistan : City) c74359d74359